00991nam0a22002291 4500001001100000005001700011021001900028035002600047100004100073101000800114102000700122105001800129200020500147210004100352215001600393532012100409606011200530700006000642801001800702801002200720852001900742rc\317660220250530090948.0 aRUb[76-46339] a(NLR Aleph) 007330844 a20120615d1976 |||y0rusy50 ca0 arus aRU ay cj |||||1 aМетодические указания к "Учебнику русского языка для 4-го класса"fК.В. ТрембачgМ-во просвещения Сев.-Осет. АССР aОрджоникидзеcИрd1976 a110 с.d2113aМетодические указания к Учебнику русского языка для 4-го класса aРусский языкjМетодические пособия для нерусских школ2psbo 1aТрембачbК.В.gКлара Викторовна 0aRUbNLRgpsbo 1aRUbELAR2rusmarc aNLRj76-5/4478